Nie genug geliebt - Bella Beautx - Statistiken

Allgemein
  • Dieses Quiz wurde 49 mal gespielt
  • Das Durchschnittsergebnis liegt bei 113 aus 182
Antwortstatistiken
Textquiz % Korrekt
du
100%
Du
100%
die
93%
bis
91%
genug
91%
geliebt
88%
nie
88%
Z
88%
KI
84%
Menschen
81%
ne
81%
bist
79%
und
79%
Und
79%
wurdest
79%
hast
77%
zerstören
77%
Ich
74%
ich
74%
keine
74%
A
70%
Crew
70%
es
70%
ganze
70%
in
70%
Held
67%
mit
67%
versuchst
67%
wie
67%
Cute
65%
dieser
65%
Cute
65%
Empathie
65%
gibt
65%
selbst
65%
sich
65%
spar
65%
Story
65%
zu
65%
dein
63%
Energie
63%
IQ
63%
ownen
63%
dei´m
60%
dein´m
60%
Fazit
60%
hier
60%
Hör
60%
mir
58%
verflucht
58%
kein`n
56%
mal
56%
mein
56%
dir
53%
kein´n
53%
Liebe
53%
Ressourcen
53%
sag
53%
nur
51%
uns
51%
verschonen
51%
ist
49%
dich
47%
perfekt
47%
wär
47%
mich
44%
programmier´n
42%
klug
42%
lass
42%
neu
42%
weiß
40%
fehlt
37%
auf
35%
deiner
35%
grau
35%
Kopf
35%
Wetter
35%
Cloud
33%
dass
33%
gehackt
33%
Herz
33%
Motherboard
33%
Schau
33%
was
30%
algorithmenvernetzt
28%
dein´n
28%
glaub
28%
laggt
28%
Gefühle
26%
Schraub
26%
sogar
26%
vor
26%
doch
23%
Geist
23%
hab
23%
Synapsen
23%
wahren
23%
brauchst
21%
Code
21%
technisch
21%
versteckst
21%
Respekt
19%
check
16%
also
0%
dei´m
0%
Keine übereinstimmenden Quizze gefunden
Verteilung der Resultate
Anzahl Personen mit jedem Resultat
Perzentil nach korrekt beantworteten Fragen
Ihre Resultats-Entwicklung
Sie haben dieses Quiz noch nicht gespielt